000 01017nam a22002657a 4500
005 20170124102948.0
010 _aB-192838
020 _c00.00
035 _aB-192838
037 _bCen Lib/Ret
040 _aDPL
_bHN
082 _a302.234
_bसोनीसु
100 _aसोनी, सुधीर
_97558
245 _aइलेक्ट्रॉनिक मीडिया /
_cसुधीर सोनी
246 _aElactronic media /
_bby Sudhir Soni
260 _aजयपुर
_bयूनिवर्सिटी पब्लिकेशन्स
270 _bजयपुर
300 _a97पृ.
_c21सेमी (सजिल्द)
500 _aसन्दर्भ सूची शामिल
650 _aसंचार मीडिया
_950608
650 _aइलेक्ट्रॉनिक मीडिया
_950609
650 _aMass media
_950610
650 _aElectronic media
_950611
942 _2ddc
_cHN
_h302.234
_mसोनीसु
999 _c113096
_d113096